| 000 | 00727nam a2200133 a 4500 | ||
|---|---|---|---|
| 008 | 120416s9999 xx |||||||||||||| || u | ||
| 050 | _aTS 167 Cos | ||
| 100 | _aJelen, F. C | ||
| 245 | 1 | 0 |
_aCost and optimization engineering _cedited by F.C. Jelen |
| 350 | _a0.00 | ||
| 995 |
_aANNEX COLLECTION (Main Library) _D0.00 _e015975 _FCBU-MAIN LIBRARY (Kitwe) _H1 _I8.85 _jTS 167 Cos _UAVAILABLE _y015975 _ZAnnex Low-Usage Collection |
||
| 995 |
_aANNEX COLLECTION (Main Library) _D0.00 _e015976 _FCBU-MAIN LIBRARY (Kitwe) _H2 _I8.85 _jTS 167 Cos _UAVAILABLE _y015976 _ZAnnex Low-Usage Collection |
||
| 995 |
_aANNEX COLLECTION (Main Library) _D0.00 _e015977 _FCBU-MAIN LIBRARY (Kitwe) _H3 _I8.85 _jTS 167 Cos _UAVAILABLE _y015977 _ZAnnex Low-Usage Collection |
||
| 999 |
_c62560 _d62560 |
||